| 000 | 00528nam a22001697a 4500 | ||
|---|---|---|---|
| 005 | 20150124121520.0 | ||
| 008 | 110601t sp||||| |||| 00| 0 spa d | ||
| 020 | _a8480552557 | ||
| 050 | 0 | 4 |
_aHF5412 _bD53 1999 |
| 245 | 0 | 0 |
_aDiccionario de marketing / _ccord. gral. Bruno Pujol Bengoechea. |
| 250 | _a1a ed. | ||
| 260 |
_aMadrid, EspaƱa : _bCultural, _c1999 |
||
| 300 |
_a400 p. ; _c28 cm. |
||
| 650 | 7 |
_2Lemb _aMarketing, mercadeo _vDiccionarios, enciclopedias |
|
| 700 | 1 |
_aPujol Bengoechea, Bruno, _ecord. |
|
| 942 |
_2ddc _cLIB |
||
| 999 |
_c9187 _d9187 |
||